| 000 | 00768cam a22002291 4500 | ||
|---|---|---|---|
| 001 | af 47003454 | ||
| 003 | DLC | ||
| 005 | 20260227110820.0 | ||
| 008 | 930107s1944 be c b 000 0 fre c | ||
| 010 | _aaf 47003454 | ||
| 035 | _a(OCoLC)27209887 | ||
| 040 |
_aArt institute of Chicago _cCU _dCU _dDLC |
||
| 042 | _apremarc | ||
| 050 | 0 | 0 |
_aND673.B73 _bV3 |
| 100 | 1 |
_aVanzype, Gustave, _d1869- |
|
| 245 | 0 | 0 |
_aBruegel le vieux, _cpar Gustave Vanzype ... |
| 260 |
_aBruxelles, _bLa Renaissance du livre _c[1944] |
||
| 300 |
_a105, [1] p. incl. front. (port.) _c19 cm. |
||
| 440 | 0 |
_aCollection: "Notre passé." _n3. sér., _vIV |
|
| 504 | _a"Orientation bibliographique": p. 101-102. "Bibliographie": p. 103-104. | ||
| 600 | 1 | 0 |
_aBruegel, Pieter, _dapproximately 1525-1569. |
| 999 |
_c2182 _d2182 |
||